000 00885nam a2200181 a 4500
008 080314s2000 xx |||||||||||||| || u
050 _aUSAID(058)EPRA
110 _aUnited States Agency for International Development (USAID)
245 1 0 _aEpidemic preparedness and response in Africa: an epidemiological block approach: summary report
_cSponsored by the World Health Organization and the U.S. Agency for International Development
260 _a
_bUnited States Agency for International Development
_c(2000)
300 _aviii, 12p.:ill.
350 _a0.00
650 _aCOMMUNICABLE DISEASE CONTROL--AFRICA
650 _aEPIDEMIOLOGY--AFRICA
650 _aUROLOGIC DISEASES
710 _aWorld Health Organization (WHO)
995 _D0.00
_FCBU-MAIN LIBRARY (Kitwe)
_H1
_I0.00
_M1
_UAVAILABLE
_WAug 20, 2008
_ZInternational Publications
999 _c42298
_d42298